Economic development / (رقم التسجيلة. 38105)

تفاصيل مارك
000 -الفاتح
حقل البيانات ثابتة الطول 01806cam a2200265 i 4500
001 - رقم الضبط
رقم الضبط 18087747
003 - محدد رقم الضبط
رقم الضبط OSt
005 - وقت وتاريخ اخر تعامل مع التسجيلة
رقم الضبط 20150818035216.0
008 - عناصر البيانات ثابتة الطول - معلومات عامة
حقل البيانات ثابتة الطول 140331s2015 maua g b 001 0 eng
020 ## - الرقم الدولى المعيارى للكتب
الرقم الدولى المعيارى للكتاب 9781292002972
040 ## - مصدر الفهرسة
وكالة الفهرسة الأصلية Ma-un
لغة الفهرسة eng
043 ## - رمز المنطقة الجغرافية
رمز المنطقة الجغرافية d------
082 00 - رقم تصنيف ديوى العشرى
رقم التصنيف 338.90091724
رقم الطبعة 22
رقم المادة TME
100 1# - المدخل الرئيسى - إسم شخصى
الإسم الشخصى Todaro, Michael P.
9 (RLIN) 50794
245 10 - بيان العنوان
العنوان Economic development /
بيان المسئوليه,etc Michael P. Todaro, Stephen C. Smith.
250 ## - بيان الطبعة
بيان الطبعة Twelfth edition.
260 ## - PUBLICATION, DISTRIBUTION, ETC. (IMPRINT)
مكان الناشر او الموزع Boston :
اسم الناشر او الموزع Pearson,
تاريخ النشر أو التوزيع 2015.
300 ## - الوصف المادى
التعداد xxvii, 860 p. :
تفاصيل ماديه اخرى للوعاء illustrations ;
أبعاد الوعاء 26 cm
504 ## - تبصرة ببليوجرافية
تبصرة ببليوجرافية,الخ Includes bibliographical references and indexes.
505 0# - تبصرة محتويات-الفهرس
تبصرة المحتويات المصاغة Principles and concepts -- Introducing economic development : a global perspective -- Comparative economic development -- Classic theories of economic growth and development -- Contemporary models of development and underdevelopment -- Problems and policies : domestic -- Poverty, inequality, and development -- Population growth and economic development : causes, consequences, and controversies -- Urbanization and rural-urban migration : theory and policy -- Human capital : education and health in economic development -- Agricultural transformation and rural development -- The environment and development -- Development policymaking and the roles of market, state, and civil society -- Problems and policies : international and macro -- International trade theory and development strategy -- Balance of payments, debt, financial crises, and stabilization policies -- Foreign finance, investment, aid, and conflict: controversies and opportunities -- Finance and fiscal policy for development.
650 #0 - المدخل الاضافى بالموضوع-مصطلح موضوعى
مصطلح موضوعي أو اسم جغرافي كعنصر مدخل Economic development.
9 (RLIN) 50795
651 #0 - المدخل الاضافى بالموضوع - اسم جغرافى
الاسم الجغرافي Developing countries
التقسيم الفرعي العام Economic policy.
9 (RLIN) 50796
700 1# - المدخل الاضافى - اسم شخصى
الإسم الشخصى Smith, Stephen C.,
التواريخ المصاحبة للاسم 1955-
9 (RLIN) 50797
942 ## -
-- ddc
-- BOOK
999 ## -
-- 38105
-- 272605
المقتنيات
حالة الفقد نموذج السعر الفعال حالة تلف ليس للاعارة رقم الطلب رقم النسخة تاريخ الاكتساب Serial Enumeration / chronology الباركود الفرع الرئيسي Date last seen نوع المادة فى نظام كوها مصدر التصنيف او خطة الترفيف Total Checkouts
  2015-08-18     338.90091724 TME 1 2015-08-18 CL 00220191 المكتبة المركزية بالمجمعة (CL) 2015-08-18 كتاب Dewey Decimal Classification  
  2015-08-18     338.90091724 TME 2 2015-08-18 CL 00220190 المكتبة المركزية بالمجمعة (CL) 2015-08-18 كتاب Dewey Decimal Classification  
  2015-08-18     338.90091724 TME 2 2015-08-18 CL 00220189 المكتبة المركزية بالمجمعة (CL) 2015-08-18 كتاب Dewey Decimal Classification